Т. 20 : Гидрометаллургические процессы в схемах обогащения; Обогащение полезных ископаемых

Bibliografiset tiedot
Parent link:Обогащение полезных ископаемых/ Академия наук СССР (АН СССР), Всесоюзный институт научной и технической информации (ВИНИТИ). Т. 20 : Гидрометаллургические процессы в схемах обогащения.— , 1963-1991.— 0202-7437
Päätekijä: Гольман А. М.
Muut tekijät: Лавриненко А. А.
Kieli:venäjä
Julkaistu: 1986
Aiheet:
Aineistotyyppi: Kirja
KOHA link:https://koha.lib.tpu.ru/cgi-bin/koha/opac-detail.pl?biblionumber=281252

MARC

LEADER 00000nam2a2200000 4500
001 281252
005 20231101235403.0
035 |a (RuTPU)RU\TPU\book\304937 
035 |a RU\TPU\book\221269 
090 |a 281252 
100 |a 20150121d1986 k y0rusy50 ca 
101 0 |a rus 
102 |a RU 
105 |a y z 001zy 
200 0 |a Т. 20 : Гидрометаллургические процессы в схемах обогащения  |f А. М. Гольман, А. А. Лавриненко 
210 |d 1986 
215 |a 81 с. 
320 |a Библиогр.: с. 70-80 
461 1 |0 (RuTPU)RU\TPU\book\102636  |x 0202-7437  |t Обогащение полезных ископаемых  |f Академия наук СССР (АН СССР), Всесоюзный институт научной и технической информации (ВИНИТИ)  |v Т. 20 : Гидрометаллургические процессы в схемах обогащения  |d 1963-1991  |s Обогащение полезных ископаемых 
606 1 |a Полезные ископаемые  |x Обогащение  |2 stltpush  |3 (RuTPU)RU\TPU\subj\50091  |9 68840 
610 1 |a обогащение 
610 1 |a химические процессы 
610 1 |a руды цветных металлов 
610 1 |a руды черных металлов 
610 1 |a твердое топливо 
610 1 |a минеральные компоненты 
610 1 |a извлечение 
610 1 |a отечественный опыт 
610 1 |a зарубежный опыт 
675 |a 622.7  |v 4 
700 1 |a Гольман  |b А. М. 
701 1 |a Лавриненко  |b А. А. 
801 1 |a RU  |b 63413507  |c 20111027 
801 2 |a RU  |b 63413507  |c 20170804  |g RCR 
942 |c BK